| 000 | 00464nam a2200181Ia 4500 | ||
|---|---|---|---|
| 005 | 20250423101244.0 | ||
| 008 | 250422s9999 xx 000 0 und d | ||
| 020 | _a0151312508 | ||
| 050 | _aE 77.9 .M3713/ | ||
| 100 | _aCeram, C. W., 1915-1972 | ||
| 245 | 4 | _aThe first American; a story of North American archaeolog | |
| 260 | _aNew York | ||
| 260 | _bHarcourt Brace Jovanovich | ||
| 260 | _c1971 | ||
| 300 | _a357 p | ||
| 650 | _aLiterature | ||
| 942 | _cBK | ||
| 999 |
_c35763 _d35763 |
||